000 00521nam a2200181 a 4500
005 20140310183200.0
008 021205s19uu xx 00 eng d
050 _aRA 413
_b.Su87 2002
100 _aCesta, Toni G.
245 _aSurvival Strategies for Nurses in Managed Care. /
_cToni G. Cesta.
300 _a425 p. :
_bill. ;
_c26 cm.
521 _aNUR
650 _aManaged care plans
_xmedical care.
650 _aNursing.
650 _aNursing
_xeffect of managed care.
942 _cBK
_2lcc
_kFOR
999 _c19857
_d19857